| 000 | 00413nam a2200133Ia 4500 | ||
|---|---|---|---|
| 008 | 231221s9999 xx 000 0 und d | ||
| 041 | _aEnglish | ||
| 082 | _a647.2 FIS;1 R | ||
| 100 | _aFisher, William P | ||
| 245 | 0 | _aExecutive decisions: hospitality case studies in leadership, ethics, employee relations and external relations | |
| 260 |
_c2002 _bAH & LEI _aLansing MI |
||
| 300 | _aviii+87 | ||
| 942 | _cHM | ||
| 999 |
_c208617 _d208617 |
||